00411nam a2200157Ia 450000500170000000800460001703700290006304000200009204100130011208400210012510000140014624500200016026000480018030000130022836500120024120250508162526.0008 250505s9999 xx 000 0 eng d aBooks to be hide in OPAC aFEDLbengcFEDL aeng2eng a374, KUN/OqFEDL aKundu C L 0aAdult education aNew Delhi, IndiabSterling Publishersc1986 axiv,215p aINRb80